Quiz dla Sigmy GeoMexa który musi nagrać. - Statystyki

Ogólne statystyki
  • Ten quiz został rozwiązany 84 razy
  • Średni wynik to 6 z 10
Statystyki odpowiedzi
Opis Państwo % Poprawnych
Jedno słowo: BAGIETKA Francja
84%
Jedno słowo: PIZZA Włochy
84%
Jedyne państwo posiadające klucze w fladze Watykan
81%
Państwo, które miało najwięcej kolonii wszechczasów Wielka Brytania
70%
Z jakiego kraju pochodził YasinCengiz (Skidibi bop bop bop yes yes) Turcja
61%
Państwo, które przez jednych jest uznawane za niepodległe, przez niektórych nie Kosowo
60%
Państwo w którym w wolnej elekcji wybrano króla który po czasie uciekł z kraju Polska
54%
Stolica Doner Kebabów Niemcy
33%
Państwo leżące na wyspie o tej samej nazwie Irlandia
24%
Starożytne państwo które już nie istnieje i było bardziej rozwinięte od np. teraźniejszego Togo Rzym
15%
Nie znaleziono quizów pasujących do podanych kryteriów
Rozkład punktacji
Procent ludzi z każdym wynikiem
Percentyl według liczby udzielonych odpowiedzi
Twoja historia wyników
Nie rozwiązałeś tego quizu